01439cam a2200373 a 450000100090000000300040000900500170001300800410003001000170007102000150008802500270010303700640013004000180019404200100021204300120022208200180023410000340025224501160028624600390040225000380044126000920047930000270057150000400059850400700063861000560070865000350076470000280079970000210082771000500084890600450089894200120094399900130095595200970096816086044OSt20230605115431.0100205s2009 ii b 001 0 eng  a 2010316454 a8120004213 aI-E-2010-316454; 63-92 bLibrary of Congress -- New Delhi Overseas OfficecRs3000.00 aDLCcDLCdDLC alcode aa-ii--- a328.5405bKAU1 aKaul, M. N.q(Maheshwar Nath)10aPractice and procedure of Parliament :bwith particular reference to the Lok Sabha /cM.N. Kaul, S.L. Shakdher.18aPractice & procedure of Parliament a6th ed. /bP.D.T. Achary, editor. aNew Delhi :bPublished for the Lok Sabha Secretariat [by] Metropolitan Book Co.,c2009. alix, 1228 p. ;c25 cm. aPreviously published: 5th ed. 2001. aIncludes bibliographical references (p. [1173]-1184) and indexes.10aIndia.bParliament.bLok SabhaxRules and practice. 0aParliamentary practicezIndia.1 aShakdher, S. L.,d1918-1 aAchary, P. D. T.1 aIndia.bParliament.bLok Sabha.bSecretariat. a7bcbccorigoded3encipf20gy-gencatlg 2ddccBK c344d344 00102ddc4070a001b001d2023-06-05l0o328.5405 KAUp10015720r2023-06-05w2023-06-05yBK